000 00225nam a22000977a 4500
100 _aSingh,LN.
_980200
245 _aHinduism and Indian Culture
260 _aDelhi
_bAcademic Book
_c2017
650 _aCulture
_980201
942 _cBK
999 _c63640
_d63640